[Event "Barcelona Sant Marti op 11th"]
[Site "Barcelona"]
[Date "2024.01.25"]
[Round "3"]
[White "Garnica Nebot, Francesco"]
[Black "Majoral Marco, Javier"]
[Result "1-0"]
[WhiteElo "1904"]
[BlackElo "1357"]
[PlyCount "55"]
[EventDate "2024.01.11"]
[EventType "swiss"]
[EventRounds "9"]
[EventCountry "ESP"]
[SourceTitle "CB11_2024"]
[SourceDate "2024.03.13"]
[SourceVersion "1"]
[SourceVersionDate "2024.03.13"]
[SourceQuality "1"]

1. d4 Nf6 2. Bf4 d5 3. Nf3 Bf5 4. c3 Nbd7 5. Qb3 Nh5 6. e3 Nxf4 7. exf4 Nf6 8. Ne5 Rb8 9. Qa4+ c6 10. Qxa7 Nh5 11. g3 f6 12. Nd3 Be4 13. Rg1 Qc7 14. Nc5 Kf7 15. Na6 Qd7 16. Nxb8 Qe6 17. Na3 Bf3+ 18. Kd2 Qf5 19. Re1 Nxf4 20. gxf4 Qxf4+ 21. Kc2 Bh5 22. Bh3 Bg6+ 23. Kb3 f5 24. Qxb7 Qd6 25. Nxc6 Kf6 26. Nb5 Qxh2 27. Qc8 Bf7 28. Qxf5# 1-0

[Event "Barcelona Tres Peons op 22nd"]
[Site "Barcelona"]
[Date "2020.01.15"]
[Round "2"]
[White "Garnica Nebot, Francesco"]
[Black "Capellades Subirana, Marc"]
[Result "1/2-1/2"]
[WhiteElo "1933"]
[BlackElo "2198"]
[PlyCount "130"]
[EventDate "2020.01.08"]
[EventType "swiss"]
[EventRounds "9"]
[EventCountry "ESP"]
[SourceTitle "CBM 195 Extra"]
[Source "ChessBase"]
[SourceDate "2020.05.31"]
[SourceVersion "1"]
[SourceVersionDate "2020.05.31"]
[SourceQuality "1"]

1. d4 Nf6 2. Nf3 g6 3. Bf4 Bg7 4. e3 d6 5. Nbd2 Nh5 6. Bg3 Nd7 7. Bd3 Nxg3 8. hxg3 e5 9. c3 Qe7 10. Qb3 exd4 11. cxd4 c5 12. 0-0 0-0 13. a4 Nf6 14. d5 Ng4 15. Rfe1 b6 16. Nc4 Ba6 17. Nfd2 Rab8 18. Be2 Nh6 19. Na3 Bxe2 20. Rxe2 Nf5 21. Rae1 h5 22. Nf3 a6 23. Qd3 Qb7 24. e4 Nd4 25. Nxd4 Bxd4 26. Nc4 Qc7 27. Na3 Qb7 28. Nc4 Qc7 29. Na3 Qb7 30. Nc4 Qd7 31. Kh2 b5 32. Na5 bxa4 33. Rb1 Qb5 34. Nc4 Rfd8 35. Rc2 Rd7 36. Qe2 Rdb7 37. Qd2 Rd7 38. Na5 Re8 39. f3 Qb4 40. Qxb4 cxb4 41. Rc4 Bc5 42. Nc6 Rb7 43. e5 Rb5 44. f4 a3 45. bxa3 bxa3 46. Ra1 Rb3 47. Ra4 Rd3 48. Rxa6 Rxd5 49. R6xa3 Bxa3 50. Rxa3 Rd1 51. g4 hxg4 52. exd6 Rxd6 53. Ne5 f5 54. Ra7 g5 55. Nf7 Rd3 56. fxg5 Re6 57. Nh6+ Rxh6+ 58. gxh6 Rd6 59. h7+ Kh8 60. Kg3 Rd2 61. Rf7 Ra2 62. Rxf5 Kxh7 63. Rf4 Kh6 64. Rxg4 Ra5 65. Rd4 Kg5 1/2-1/2

[Event "Barcelona Sant Marti op 8th"]
[Site "Barcelona"]
[Date "2019.03.14"]
[Round "9"]
[White "Garnica Nebot, Francesco"]
[Black "Morales Montalban, Miguel"]
[Result "0-1"]
[WhiteElo "1894"]
[BlackElo "1953"]
[PlyCount "104"]
[EventDate "2019.01.17"]
[EventType "swiss"]
[EventRounds "9"]
[EventCountry "ESP"]
[SourceTitle "CBM 189 Extra"]
[Source "ChessBase"]
[SourceDate "2019.06.03"]
[SourceVersion "1"]
[SourceVersionDate "2019.06.03"]
[SourceQuality "1"]

1. Nf3 c5 2. b3 Nf6 3. Bb2 g6 4. c4 Bg7 5. g3 0-0 6. Bg2 d5 7. e3 Nc6 8. 0-0 d4 9. exd4 cxd4 10. d3 a5 11. a3 Qb6 12. Re1 Nd7 13. Nfd2 Nc5 14. Qc2 e5 15. Bxc6 bxc6 16. b4 Ne6 17. c5 Qd8 18. Ne4 Nc7 19. Nd6 Be6 20. Nd2 Bd5 21. h3 Qd7 22. Kh2 Ne6 23. h4 Nf4 24. gxf4 Qg4 25. f3 Qxf4+ 26. Kg2 f5 27. Rf1 Bh6 28. N2e4 fxe4 29. Nxe4 Bxe4 30. dxe4 Qf6 31. Qf2 Bf4 32. Bc1 Qe6 33. Bd2 Ra7 34. a4 axb4 35. Bxf4 Rxf4 36. h5 g5 37. Qg3 Rg7 38. Qe1 g4 39. Qxb4 gxf3+ 40. Kf2 Rg2+ 41. Ke1 Rxe4+ 42. Kd1 f2 43. Qb8+ Kf7 44. Qc7+ Kf8 45. Qd8+ Kf7 46. Kd2 Qh6+ 47. Kd1 Qxh5+ 48. Kc1 Re1+ 49. Kb2 Qe2+ 50. Kb3 Rg3+ 51. Kb4 Qd2+ 52. Kc4 Qc3# 0-1

[Event "Barcelona Sant Marti op 8th"]
[Site "Barcelona"]
[Date "2019.02.28"]
[Round "7"]
[White "Garnica Nebot, Francesco"]
[Black "Madrid Sole, Antonio"]
[Result "1-0"]
[WhiteElo "1894"]
[BlackElo "1836"]
[PlyCount "115"]
[EventDate "2019.01.17"]
[EventType "swiss"]
[EventRounds "9"]
[EventCountry "ESP"]
[SourceTitle "CBM 189 Extra"]
[Source "ChessBase"]
[SourceDate "2019.06.03"]
[SourceVersion "1"]
[SourceVersionDate "2019.06.03"]
[SourceQuality "1"]

1. d4 Nf6 2. g3 e6 3. Bg2 d5 4. Nf3 Be7 5. 0-0 0-0 6. c4 b6 7. Ne5 Bb7 8. Nc3 c6 9. a4 Nbd7 10. f4 Qc8 11. Be3 dxc4 12. Nxc4 Nd5 13. Nxd5 cxd5 14. Na3 a6 15. Qb3 Qd8 16. Rac1 Bd6 17. Bd2 Qf6 18. Be3 Rac8 19. Kh1 Qe7 20. Bd2 g6 21. Nb1 Rfe8 22. Nc3 Qf6 23. e3 Rc7 24. Na2 Rec8 25. Rc3 Rxc3 26. Bxc3 Qd8 27. Nb4 Nf6 28. Nd3 Ng4 29. Bd2 Nf6 30. Ne5 Ne4 31. Bc3 Be7 32. Rb1 Qd6 33. Nd3 Qd8 34. Ba5 Rc6 35. Ne5 Rc8 36. Bxb6 Qe8 37. Bxe4 dxe4 38. Qd1 f6 39. Ng4 Qc6 40. Ba5 Qd5 41. Bb4 Bd8 42. Rc1 Rc4 43. Bc3 h5 44. Nf2 Qc6 45. Ra1 Bb6 46. g4 h4 47. Qb3 Bc7 48. Nh3 Kg7 49. g5 Kf7 50. gxf6 Qd5 51. Qd1 Bd6 52. Qg4 Bc8 53. Qxh4 Bb7 54. Rg1 Rc8 55. Qh7+ Ke8 56. Rxg6 Bf8 57. Rg8 Qd6 58. Qxb7 1-0

[Event "Cornella Pinol Memorial 6th"]
[Site "Cornella de Llobregat"]
[Date "2018.11.12"]
[Round "8"]
[White "Garnica Nebot, Francesco"]
[Black "Vallbona Domingo, Joan"]
[Result "0-1"]
[WhiteElo "1924"]
[BlackElo "2020"]
[PlyCount "96"]
[EventDate "2018.09.24"]
[EventType "swiss"]
[EventRounds "9"]
[EventCountry "ESP"]
[SourceTitle "CBM 187 Extra"]
[Source "ChessBase"]
[SourceDate "2018.11.04"]
[SourceVersion "1"]
[SourceVersionDate "2018.11.04"]
[SourceQuality "1"]

1. d4 Nf6 2. Bf4 d5 3. Nf3 c5 4. e3 Nc6 5. Nbd2 e6 6. c3 Bd6 7. Bg3 Qe7 8. Be2 0-0 9. Bh4 e5 10. dxc5 Bxc5 11. Nb3 Bb6 12. Qc2 Bg4 13. Rd1 Rac8 14. a3 Rfd8 15. 0-0 h6 16. h3 Bh5 17. Qf5 Bg6 18. Bxf6 gxf6 19. Qg4 f5 20. Qh4 Qxh4 21. Nxh4 Bh7 22. Rd2 Rc7 23. Rfd1 Rcd7 24. Nf3 Kf8 25. a4 f6 26. Nh4 Ke7 27. Bd3 Ke6 28. Bb5 Rd6 29. Bd3 a6 30. Kh2 Na5 31. Nxa5 Bxa5 32. Bb1 b5 33. g4 e4 34. Ng2 fxg4 35. Nf4+ Ke5 36. hxg4 b4 37. cxb4 Bxb4 38. Rc2 d4 39. Rc7 R8d7 40. Rxd7 Rxd7 41. Ne2 d3 42. Nf4 Rc7 43. Kg3 a5 44. f3 d2 45. Kf2 Rc1 46. Rxd2 Bxd2 47. Ba2 exf3 48. Kxf3 Be4+ 0-1

[Event "Barcelona Primavera La Lira op 11th"]
[Site "Barcelona"]
[Date "2018.06.07"]
[Round "9"]
[White "Garnica Nebot, Francesco"]
[Black "Perez Pastora, Evaristo"]
[Result "1-0"]
[WhiteElo "1868"]
[BlackElo "2134"]
[PlyCount "109"]
[EventDate "2018.04.12"]
[EventType "swiss"]
[EventRounds "9"]
[EventCountry "ESP"]
[SourceTitle "CBM 184 Extra"]
[Source "ChessBase"]
[SourceDate "2018.06.28"]
[SourceVersion "1"]
[SourceVersionDate "2018.06.28"]
[SourceQuality "1"]

1. d4 Nf6 2. Nf3 g6 3. c3 Bg7 4. Nbd2 0-0 5. e4 d6 6. Bd3 Nbd7 7. 0-0 e5 8. Nb3 h6 9. dxe5 dxe5 10. h3 b6 11. Be3 Bb7 12. Qc2 Qe7 13. c4 c5 14. Nbd2 Nb8 15. Nb1 Nc6 16. Nc3 Nd4 17. Bxd4 cxd4 18. Nd5 Qd6 19. g3 Kh8 20. Nh4 Rfc8 21. Qd2 Nd7 22. Rac1 a5 23. f4 exf4 24. gxf4 Bxd5 25. cxd5 Nc5 26. Bb1 Qe7 27. Nf3 Nxe4 28. Qe2 f5 29. Rc6 Rxc6 30. dxc6 Qc5 31. Qc2 Rc8 32. Qg2 Qxc6 33. Nh4 Kh7 34. Re1 Re8 35. Bd3 Re6 36. Kh2 Qd6 37. Rf1 Qe7 38. Nf3 Nc5 39. Bc4 Re3 40. Rg1 Qd6 41. Kh1 Nd7 42. Nh4 Nf8 43. Nxf5 Qxf4 44. Nxe3 dxe3 45. Bd3 Qd6 46. Qe4 Bxb2 47. Rf1 Kg7 48. Qxe3 Qd5+ 49. Be4 Qe6 50. Qf3 Bf6 51. Qg2 Be5 52. Bd5 Qd6 53. Rf7+ Kh8 54. Qf3 Nd7 55. Rxd7 1-0

[Event "Barcelona Primavera La Lira op 11th"]
[Site "Barcelona"]
[Date "2018.05.31"]
[Round "8"]
[White "Miralles Brugues, Jordi"]
[Black "Garnica Nebot, Francesco"]
[Result "0-1"]
[WhiteElo "2035"]
[BlackElo "1868"]
[PlyCount "82"]
[EventDate "2018.04.12"]
[EventType "swiss"]
[EventRounds "9"]
[EventCountry "ESP"]
[SourceTitle "CBM 184 Extra"]
[Source "ChessBase"]
[SourceDate "2018.06.28"]
[SourceVersion "1"]
[SourceVersionDate "2018.06.28"]
[SourceQuality "1"]

1. d4 d6 2. Bf4 Nf6 3. e3 Nbd7 4. Nf3 e6 5. h3 Ne4 6. Nbd2 Nxd2 7. Qxd2 Be7 8. Bd3 0-0 9. c4 a5 10. b3 e5 11. dxe5 dxe5 12. Bxh7+ Kxh7 13. Qc2+ g6 14. Nxe5 Bb4+ 15. Ke2 Nxe5 16. Bxe5 Qe7 17. Qb2 f6 18. Bc3 Ba3 19. Qd2 Rd8 20. Qe1 Bf5 21. Kf1 b6 22. Kg1 Rd7 23. Rd1 Rad8 24. Rxd7 Rxd7 25. Kh2 Qd6+ 26. f4 g5 27. Qe2 Bg6 28. Rf1 Qd3 29. Qxd3 Bxd3 30. Rf2 gxf4 31. exf4 Bc5 32. Rb2 Kg6 33. g4 Be3 34. Kg3 f5 35. Be5 Be4 36. Re2 Bc5 37. h4 Rd3+ 38. Kh2 Bf3 39. gxf5+ Kxf5 40. Re1 Rd2+ 41. Kh3 Bg4+ 0-1

[Event "Barcelona Primavera La Lira op 11th"]
[Site "Barcelona"]
[Date "2018.05.17"]
[Round "6"]
[White "Vigier Pons, Vicente"]
[Black "Garnica Nebot, Francesco"]
[Result "0-1"]
[WhiteElo "1922"]
[BlackElo "1868"]
[PlyCount "86"]
[EventDate "2018.04.12"]
[EventType "swiss"]
[EventRounds "9"]
[EventCountry "ESP"]
[SourceTitle "CBM 184 Extra"]
[Source "ChessBase"]
[SourceDate "2018.06.28"]
[SourceVersion "1"]
[SourceVersionDate "2018.06.28"]
[SourceQuality "1"]

1. d4 f5 2. Bf4 Nf6 3. e3 g6 4. Be2 Bg7 5. c3 0-0 6. Nd2 d6 7. Ngf3 Nc6 8. h3 Kh8 9. 0-0 Nh5 10. Bh2 e5 11. Nb3 Qe7 12. Kh1 Bd7 13. d5 Nd8 14. Nfd2 Nf6 15. c4 c6 16. Nb1 cxd5 17. cxd5 g5 18. Nc3 Qf7 19. Rc1 Rc8 20. f3 f4 21. e4 h5 22. Bb5 Rxc3 23. Bxd7 Rxc1 24. Qxc1 Qxd7 25. Qc2 g4 26. Rc1 gxh3 27. Qc7 hxg2+ 28. Kxg2 Rf7 29. Qb8 Bf8 30. Qxa7 Rg7+ 31. Kh1 Qh3 32. Qf2 h4 33. Qf1 Qxf1+ 34. Rxf1 Rc7 35. Rc1 Rxc1+ 36. Nxc1 Nf7 37. Kg2 Ng5 38. Nd3 h3+ 39. Kf2 Kg7 40. Nc1 Be7 41. Nd3 Bd8 42. Ne1 Bb6+ 43. Kf1 Ba5 0-1

[Event "Barcelona Primavera La Lira op 11th"]
[Site "Barcelona"]
[Date "2018.04.26"]
[Round "3"]
[White "Garnica Nebot, Francesco"]
[Black "Perolet Perez, Miquel"]
[Result "1/2-1/2"]
[WhiteElo "1868"]
[BlackElo "1709"]
[PlyCount "115"]
[EventDate "2018.04.12"]
[EventType "swiss"]
[EventRounds "9"]
[EventCountry "ESP"]
[SourceTitle "CBM 184 Extra"]
[Source "ChessBase"]
[SourceDate "2018.06.28"]
[SourceVersion "1"]
[SourceVersionDate "2018.06.28"]
[SourceQuality "1"]

1. d4 d5 2. c4 c6 3. Nc3 Nf6 4. e3 Nbd7 5. Nf3 e6 6. Bd3 Qc7 7. 0-0 b6 8. Re1 Ba6 9. cxd5 Bxd3 10. dxe6 fxe6 11. Qxd3 0-0-0 12. Qc2 Kb7 13. Bd2 Bd6 14. Ne4 Nb8 15. Nxd6+ Qxd6 16. Ne5 Rhf8 17. a4 Nfd7 18. Nc4 Qd5 19. Rad1 Qf5 20. Qxf5 exf5 21. Bc3 Nf6 22. Bb4 Rg8 23. Nd6+ Kc7 24. Nxf5 Nd5 25. Bd2 g6 26. Ng3 Rd7 27. e4 Ne7 28. Bf4+ Kb7 29. Rd3 Na6 30. Bd2 Nc5 31. Ree3 Nxd3 32. Rxd3 Nc8 33. Bg5 c5 34. d5 Ne7 35. Ne2 Kc8 36. Nc3 Nc6 37. f4 Nd4 38. e5 a6 39. d6 b5 40. Nd5 Rb7 41. Ne7+ Rxe7 42. Bxe7 Kd7 43. axb5 axb5 44. Ra3 Nc6 45. Bg5 Rb8 46. Kf2 Rb7 47. g4 b4 48. Rh3 Ke6 49. Ke2 c4 50. Ke3 c3 51. bxc3 b3 52. Ke4 b2 53. f5+ Kd7 54. Rxh7+ Kc8 55. Rh8+ Kd7 56. Rh7+ Kc8 57. Rh8+ Kd7 58. Rh7+ 1/2-1/2

[Event "Barcelona Sant Marti op 7th"]
[Site "Barcelona"]
[Date "2018.03.08"]
[Round "9"]
[White "Garnica Nebot, Francesco"]
[Black "Tortosa Moros, Joan"]
[Result "1-0"]
[WhiteElo "1894"]
[BlackElo "1638"]
[PlyCount "69"]
[EventDate "2018.01.11"]
[EventType "swiss"]
[EventRounds "9"]
[EventCountry "ESP"]
[SourceTitle "EXT 2019"]
[Source "ChessBase"]
[SourceDate "2018.10.10"]
[SourceVersion "1"]
[SourceVersionDate "2018.10.10"]
[SourceQuality "1"]

1. d4 Nf6 2. c4 e6 3. Nc3 Bb4 4. Qc2 b6 5. e4 c5 6. Nf3 Bb7 7. Bd3 cxd4 8. Nxd4 Nc6 9. Nxc6 Bxc6 10. f3 Qc7 11. Be3 Bb7 12. a3 Bxc3+ 13. Qxc3 d6 14. Bg5 e5 15. 0-0 h6 16. Be3 g5 17. g4 Rg8 18. Qd2 Qd7 19. Be2 Nh7 20. a4 f6 21. a5 bxa5 22. Rxa5 h5 23. h3 hxg4 24. hxg4 a6 25. Rd1 Rd8 26. Bb6 Rb8 27. Qxd6 Qxd6 28. Rxd6 Ke7 29. c5 Nf8 30. Bxa6 Ba8 31. Bc4 Rh8 32. Ra7+ Bb7 33. Bd5 Nd7 34. Bxb7 Nxc5 35. Bxc5 1-0

[Event "Barcelona Sant Marti op 7th"]
[Site "Barcelona"]
[Date "2018.02.22"]
[Round "7"]
[White "Garnica Nebot, Francesco"]
[Black "Laso Aguedo, Antonio"]
[Result "1-0"]
[WhiteElo "1894"]
[BlackElo "1744"]
[PlyCount "45"]
[EventDate "2018.01.11"]
[EventType "swiss"]
[EventRounds "9"]
[EventCountry "ESP"]
[SourceTitle "EXT 2019"]
[Source "ChessBase"]
[SourceDate "2018.10.10"]
[SourceVersion "1"]
[SourceVersionDate "2018.10.10"]
[SourceQuality "1"]

1. d4 Nf6 2. Bg5 Ne4 3. Bf4 c5 4. Nf3 Qa5+ 5. c3 cxd4 6. Qxd4 Nf6 7. e4 Nc6 8. Qd3 d6 9. Be2 e5 10. Bd2 Qa4 11. b4 Nd8 12. c4 Qc6 13. Nc3 Be6 14. Rc1 Rc8 15. Nd5 Bxd5 16. cxd5 Qd7 17. 0-0 Be7 18. Rxc8 Qxc8 19. Be3 0-0 20. Rc1 Qb8 21. Nd2 b6 22. Qa6 Nb7 23. Qc4 1-0

[Event "Barcelona Sant Marti op 7th"]
[Site "Barcelona"]
[Date "2018.02.15"]
[Round "6"]
[White "Munt Serrano, Jesus"]
[Black "Garnica Nebot, Francesco"]
[Result "0-1"]
[WhiteElo "1335"]
[BlackElo "1894"]
[PlyCount "34"]
[EventDate "2018.01.11"]
[EventType "swiss"]
[EventRounds "9"]
[EventCountry "ESP"]
[SourceTitle "EXT 2019"]
[Source "ChessBase"]
[SourceDate "2018.10.10"]
[SourceVersion "1"]
[SourceVersionDate "2018.10.10"]
[SourceQuality "1"]

1. e4 d6 2. d4 Nf6 3. Nc3 g6 4. Be3 c6 5. Qd2 b5 6. f3 Bg7 7. Bh6 Bxh6 8. Qxh6 Qa5 9. Qg7 Rg8 10. Qh6 b4 11. Nb1 b3+ 12. c3 Be6 13. Na3 bxa2 14. Bc4 Bxc4 15. Nxc4 Qb5 16. Na3 Qxb2 17. Qc1 Qxg2 0-1

[Event "Barcelona Sant Marti op 7th"]
[Site "Barcelona"]
[Date "2018.02.01"]
[Round "4"]
[White "Garcia Gonzalez, Juan"]
[Black "Garnica Nebot, Francesco"]
[Result "0-1"]
[WhiteElo "1658"]
[BlackElo "1894"]
[PlyCount "100"]
[EventDate "2018.01.11"]
[EventType "swiss"]
[EventRounds "9"]
[EventCountry "ESP"]
[SourceTitle "EXT 2019"]
[Source "ChessBase"]
[SourceDate "2018.10.10"]
[SourceVersion "1"]
[SourceVersionDate "2018.10.10"]
[SourceQuality "1"]

1. d4 Nf6 2. Bf4 d5 3. e3 c5 4. c3 e6 5. Nd2 Bd6 6. Bg3 0-0 7. Bd3 Nc6 8. Ngf3 Re8 9. Ne5 cxd4 10. exd4 Bxe5 11. dxe5 Nd7 12. f4 Nc5 13. Nf3 Nxd3+ 14. Qxd3 Bd7 15. 0-0 Na5 16. Bf2 a6 17. Rfc1 Rc8 18. Nd2 Bb5 19. Qd4 Qd7 20. Qb6 Nc4 21. Nxc4 Rxc4 22. Rd1 Rxf4 23. Bd4 Rc8 24. Rd2 h5 25. Rf2 Rxf2 26. Kxf2 Qe7 27. Be3 f6 28. Qd4 Rc4 29. exf6 gxf6 30. Qd1 Rh4 31. Qf3 Bc6 32. h3 Kh7 33. Qg3 Re4 34. Rd1 e5 35. Qf3 Qf7 36. Qf5+ Kg7 37. Qc8 f5 38. Qd8 f4 39. Bc5 Kh7 40. Qg5 f3 41. gxf3 Rf4 42. Qg3 e4 43. Qg5 Rxf3+ 44. Kg2 Rf5 45. Qg3 Rf6 46. Qe3 Rf3 47. Qg5 Rf5 48. Qe3 Bd7 49. Rd2 Qg6+ 50. Qg3 Rg5 0-1

[Event "Barcelona Sant Marti op 7th"]
[Site "Barcelona"]
[Date "2018.01.25"]
[Round "3"]
[White "Garnica Nebot, Francesco"]
[Black "Poyato Duran, David"]
[Result "0-1"]
[WhiteElo "1894"]
[BlackElo "1693"]
[PlyCount "78"]
[EventDate "2018.01.11"]
[EventType "swiss"]
[EventRounds "9"]
[EventCountry "ESP"]
[SourceTitle "EXT 2019"]
[Source "ChessBase"]
[SourceDate "2018.10.10"]
[SourceVersion "1"]
[SourceVersionDate "2018.10.10"]
[SourceQuality "1"]

1. d4 d5 2. c4 e6 3. Nc3 Nf6 4. Nf3 Bb4 5. a3 Bxc3+ 6. bxc3 0-0 7. Bg5 h6 8. Bh4 Nbd7 9. e3 c5 10. Bd3 Qa5 11. Qd2 dxc4 12. Bb1 Nd5 13. 0-0 Qxc3 14. Qe2 b5 15. dxc5 Nxc5 16. Bc2 Bb7 17. Rfc1 Qa5 18. Nd4 Qb6 19. Qg4 f5 20. Qe2 Nc3 21. Qd2 N5e4 22. Bxe4 Nxe4 23. Qb4 g5 24. f3 Nc5 25. Be1 Nd3 26. Qxb5 Qxb5 27. Nxb5 Nxc1 28. Rxc1 Bd5 29. Bb4 Rfc8 30. Kf2 a6 31. Nd4 Kf7 32. Ke2 a5 33. Bd6 Ra6 34. Be5 Rb6 35. Rc2 c3 36. Kd1 Rb1+ 37. Rc1 Bb3+ 38. Nxb3 Rxb3 39. Ra1 Rb2 0-1

[Event "Cornella de Llobregat op"]
[Site "Cornella de Llobregat"]
[Date "2017.05.22"]
[Round "6"]
[White "Garnica Nebot, Francesco"]
[Black "Castrillo Mansego, Pablo"]
[Result "1/2-1/2"]
[WhiteElo "2023"]
[BlackElo "2135"]
[PlyCount "58"]
[EventDate "2017.04.03"]
[EventType "swiss"]
[EventRounds "7"]
[EventCountry "ESP"]
[SourceTitle "EXT 2018"]
[Source "ChessBase"]
[SourceDate "2017.10.13"]
[SourceVersion "1"]
[SourceVersionDate "2017.10.13"]
[SourceQuality "1"]

1. d4 Nf6 2. Nf3 e6 3. g3 d5 4. Bg2 Bd6 5. c4 c6 6. 0-0 Nbd7 7. Nc3 0-0 8. Qc2 dxc4 9. a4 a5 10. e4 e5 11. Rd1 Qc7 12. Bg5 h6 13. Bxf6 Nxf6 14. dxe5 Bxe5 15. Nxe5 Qxe5 16. Rd2 Bg4 17. f3 Be6 18. Rad1 Qc7 19. Ne2 Rad8 20. Nf4 Qb6+ 21. Kh1 Rxd2 22. Rxd2 c3 23. Qxc3 Bb3 24. e5 Nh7 25. Rd4 Re8 26. Nd3 Ng5 27. Nc5 Bd5 28. f4 Ne6 29. Nxe6 fxe6 1/2-1/2

[Event "Barcelona Primavera La Lira op 9th"]
[Site "Barcelona"]
[Date "2016.06.02"]
[Round "9"]
[White "Garnica Nebot, Francesco"]
[Black "Serentill Tost, Eduard"]
[Result "1-0"]
[WhiteElo "1810"]
[BlackElo "1620"]
[PlyCount "107"]
[EventDate "2016.04.07"]
[EventType "swiss"]
[EventRounds "9"]
[EventCountry "ESP"]
[SourceTitle "CBM 172 Extra"]
[Source "ChessBase"]
[SourceDate "2016.06.21"]
[SourceVersion "1"]
[SourceVersionDate "2016.06.21"]
[SourceQuality "1"]

1. d4 Nf6 2. Nf3 g6 3. g3 Bg7 4. Bg2 0-0 5. c4 d6 6. h3 Nbd7 7. Nc3 a6 8. e4 e5 9. d5 Re8 10. 0-0 Nf8 11. Be3 h6 12. b4 Nh5 13. Qd2 Kh7 14. g4 Nf4 15. Rac1 Nxg2 16. Kxg2 f5 17. gxf5 gxf5 18. exf5 Bxf5 19. Ne2 Be4 20. Ng3 Bxf3+ 21. Kxf3 Ng6 22. Ke2 Qh4 23. Qd3 e4 24. Qd1 Nf4+ 25. Bxf4 Qxf4 26. Rg1 Qf3+ 27. Kf1 Qxd1+ 28. Rxd1 Re5 29. Re1 Rae8 30. Kg2 Bf6 31. Nf1 Rg5+ 32. Kh1 Rxg1+ 33. Kxg1 Bc3 34. Re2 Bxb4 35. Ng3 e3 36. Rxe3 Rxe3 37. fxe3 Bc5 38. Kf2 b5 39. cxb5 axb5 40. Kf3 Kg6 41. Kf4 Kf6 42. h4 Bb4 43. h5 Be1 44. Ne4+ Kf7 45. Kf5 Bb4 46. Nf6 Bd2 47. Ng4 Kg7 48. Ke6 Ba5 49. Nf6 Kf8 50. Kd7 Kf7 51. Ne8 Bb6 52. e4 b4 53. Nxc7 Bxc7 54. Kxc7 1-0

[Event "Barcelona Sant Marti op-B 5th"]
[Site "Barcelona"]
[Date "2016.01.21"]
[Round "2"]
[White "Garnica Nebot, Francesco"]
[Black "Agut Alvarez, Josep Lluis"]
[Result "1/2-1/2"]
[WhiteElo "1826"]
[BlackElo "1792"]
[PlyCount "123"]
[EventDate "2016.01.14"]
[EventType "swiss"]
[EventRounds "9"]
[EventCountry "ESP"]
[SourceTitle "EXT 2017"]
[Source "ChessBase"]
[SourceDate "2016.10.25"]
[SourceVersion "1"]
[SourceVersionDate "2016.10.25"]
[SourceQuality "1"]

1. d4 g6 2. Nf3 Bg7 3. g3 d6 4. Bg2 Nf6 5. 0-0 0-0 6. c4 Nbd7 7. Nc3 e5 8. dxe5 dxe5 9. Qc2 c6 10. b4 Qc7 11. a4 Nb6 12. Nd2 Be6 13. Nce4 Nxe4 14. Bxe4 f5 15. Bg2 e4 16. Ra3 Qf7 17. c5 Nd5 18. Rb3 a5 19. bxa5 Rxa5 20. Bb2 Nf6 21. Rb6 Qe7 22. Bd4 Nd5 23. Bxg7 Qxg7 24. Rb2 Rxc5 25. Qxc5 Qxb2 26. Nc4 Qb4 27. Qxb4 Nxb4 28. Nd6 b6 29. Rb1 c5 30. Bf1 Rd8 31. Nb5 Bc4 32. e3 Bxf1 33. Kxf1 Rd2 34. Nc3 Rd3 35. Nb5 Rd2 36. Nc3 Rd8 37. Ke2 Kf7 38. f3 Rd3 39. Nb5 Nd5 40. fxe4 fxe4 41. Nd6+ Ke6 42. Nb5 Rxe3+ 43. Kd2 Rd3+ 44. Ke2 Ke5 45. Rf1 Nc3+ 46. Nxc3 Rxc3 47. Rb1 Rc2+ 48. Ke3 Rxh2 49. Rxb6 Rg2 50. Rb7 Rxg3+ 51. Kf2 Rf3+ 52. Ke2 Ra3 53. Rxh7 Rxa4 54. Re7+ Kd4 55. Rd7+ Kc3 56. Rd6 Ra2+ 57. Ke3 Ra4 58. Rxg6 Rd4 59. Rc6 Kc4 60. Rc8 Kd5 61. Rd8+ Kc4 62. Rc8 1/2-1/2

[Event "Barcelona Barri Gotic op 3rd"]
[Site "Barcelona"]
[Date "2014.04.28"]
[Round "3"]
[White "Van Keulen, Onno"]
[Black "Garnica Nebot, Francesco"]
[Result "0-1"]
[WhiteElo "2113"]
[BlackElo "2043"]
[PlyCount "56"]
[EventDate "2014.04.07"]
[EventType "swiss"]
[EventRounds "8"]
[EventCountry "ESP"]
[SourceTitle "CBM 160 Extra"]
[Source "ChessBase"]
[SourceDate "2014.07.01"]
[SourceVersion "1"]
[SourceVersionDate "2014.07.01"]
[SourceQuality "1"]

1. Nf3 e6 2. d4 f5 3. g3 Nf6 4. Bg2 d5 5. 0-0 Bd6 6. c4 c6 7. b3 0-0 8. Ba3 Bxa3 9. Nxa3 Nbd7 10. Rc1 Qa5 11. Nb1 Qxa2 12. Nc3 Qa5 13. Nd2 Ne4 14. Ndxe4 fxe4 15. f3 exf3 16. Bxf3 Nf6 17. e4 Nxe4 18. Nxe4 dxe4 19. Bxe4 Rxf1+ 20. Qxf1 Qd2 21. Qf4 Qxd4+ 22. Kg2 e5 23. Qh4 Qd2+ 24. Kf3 g6 25. Rc2 Qd1+ 26. Kg2 Bg4 27. Rf2 Qd7 28. Qg5 Bh3+ 0-1